Countries with the most Spider Species - Statistics

General Stats
  • This quiz has been taken 24 times
  • The average score is 7 of 10
Answer Stats
Hint Answer % Correct
1,600 Russia
95%
1,111 Bulgaria
79%
1,323 Greece
79%
1,745 Italy
79%
1,707 France
74%
1,492 Spain
74%
1,031 Austria
68%
1,280 Turkey
68%
1,115 Ukraine
68%
1,018 Switzerland
63%
No matching quizzes found
Score Distribution
Percent of People with Each Score
Percentile by Number Answered
Your Score History
You have not taken this quiz